00442nam a2200157Ia 4500003000400000005001700004008004100021040001800062041000800080082001600088100004500104245008600149260002500235600001200260650001200272OSt20260325102624.0211028s2006 xx 000 0 und d cAIMIT LIBRARY aeng a658.15 RAJK aRaj M H, Kiran;Pinto, Prakash.g40911093 aA study of random walk hypothesis of selected scrips in national stock exchange / bPinto, Prakashc2006 aFinance aFinance